| 000 | 01111nac a22004570a 4500 | ||
|---|---|---|---|
| 001 | PT54363 | ||
| 003 | AR-LpoUNG | ||
| 005 | 20210201005530.0 | ||
| 008 | 201001s1994||||sp |||||||||||||||||spa d | ||
| 020 |
_a847583700X _c$28 |
||
| 040 |
_aAR-LpoUNG _bspa _eaacr |
||
| 041 | _aspa | ||
| 044 | _asp | ||
| 082 | 0 | _aR909 794chi-v2 | |
| 100 | 1 | _aBlunden, Caroline | |
| 245 | 1 | 0 |
_aChina : _bgigante milenario |
| 260 |
_aBarcelona : _bFolio, _c1994. |
||
| 300 |
_a[118] p. : _bil., mapas, gráfs., fot. _3Impreso |
||
| 490 | 0 | _aAtlas culturales del mundo | |
| 650 | 4 | _aAGRICULTURA | |
| 650 | 4 | _aANALISIS HISTORICO | |
| 650 | 4 | _aARTE | |
| 650 | 4 | _aASPECTOS GEOGRAFICOS | |
| 650 | 4 | _aATLAS | |
| 650 | 4 | _aCHINA | |
| 650 | 4 | _aCIVILIZACION | |
| 650 | 4 | _aCULTURA | |
| 650 | 4 | _aESCRITURA | |
| 650 | 4 | _aFACTORES CULTURALES | |
| 650 | 4 | _aFAMILIA | |
| 650 | 4 | _aHISTORIA | |
| 650 | 4 | _aLENGUA CHINA | |
| 650 | 4 | _aMATERIAL DE REFERENCIA | |
| 650 | 4 | _aMUSICA | |
| 650 | 4 | _aSOCIEDAD | |
| 650 | 4 | _aTEATRO | |
| 651 | 4 | _aMundial | |
| 700 | 1 | _aElvin, Mark | |
| 905 | _a54363 | ||
| 942 | _cLSALA | ||
| 999 |
_c50099 _d50099 |
||